00809nam a22002297a 450000500170000001000130001702000100003003500130004003700160005304000120006908200150008110000240009624501220012026000410024227000460028330000330032965000310036265000200039394200250041399900190043895201220045720170124110027.0 aA-782301 c00.00 aA-782301 bCen Lib/Ret aDPLbEN a613.2bTIW aTiwari, Maya920886 aAyurveda a life of balance : cby MayaTiwaribthe complete guide to ayurvedic nutrition and body types with recipes / aU.S.AbInner Traditions India c1995 aOne Park Steert, Rochester, Vermont bUSA axiii,353p. :c28cm(Hb)bill. aMedicine, Ayurvedic920887 aNutrition99307 2ddccENh613..2mTIW c127573d127573 00104070aLbLd2015-06-29eCen Lib/Retg0.00l0o613.2 TIWpA-782301r2015-06-29 00:00:00t1v0.00w2015-06-29yEN